| 000 | 00726nam a22002057a 4500 | ||
|---|---|---|---|
| 999 |
_c11050 _d11050 |
||
| 003 | AR-CdUCM | ||
| 008 | 190402b ||||| |||| 00| 0 spa d | ||
| 040 |
_aMUNICIPALIDAD PROVINCIAL DEL CUSCO _cBIBLIOTECA MUNICIPAL DEL CUSCO |
||
| 082 |
_a398.8 / _bC573 / 1943 |
||
| 100 |
_aCimorra, Clemente _916705 |
||
| 245 |
_aEl Cante jondo : _bOrigen y realidad folklórica / |
||
| 260 |
_aBuenos Aires : _bSchapire, _c1943. |
||
| 300 |
_a211 páginas ; _c23 cm. |
||
| 500 | _aDonación de la familia Nieto. Libro en mal estado, se esta descociendo. | ||
| 505 | _aContenido: Los orígenes -- Los estilos -- Los Motivos ... | ||
| 650 |
_aEspaña _9176 |
||
| 650 |
_aFolclore español _928183 |
||
| 942 |
_2ddc _cLIBROS |
||
| 945 | _acmm | ||